Online bankkártyás fizetési szolgáltatások

Bibliographic Details
Main Author: Tasi Mónika Boglárka
Other Authors: Dobák Dr. Dóra Éva
Format: Thesis
Kulcsszavak:Online bankkártyás fizetési szolgáltatások
Bankkártyás fizetés
Simplepay
E-commerce
Webáruház, webshop
Fizetési módok
PCI DSS
3D-Secure
E-wallet
Fizetési szolgáltatók
Online Access:http://dolgozattar.uni-bge.hu/15887

MARC

LEADER 00000nta a2200000 i 4500
001 dolg15887
005 20180514090506.0
008 180514suuuu hu om 000 hun d
040 |a BGE Dolgozattár Repozitórium  |b hun 
041 |a hu 
100 1 |a Tasi Mónika Boglárka 
245 1 0 |a Online bankkártyás fizetési szolgáltatások  |c Tasi Mónika Boglárka  |h [elektronikus dokumentum] 
246 1 1 |a Online bankkártyás fizetési szolgáltatások 
695 |a Online bankkártyás fizetési szolgáltatások 
695 |a Bankkártyás fizetés 
695 |a Simplepay 
695 |a E-commerce 
695 |a Webáruház, webshop 
695 |a Fizetési módok 
695 |a PCI DSS 
695 |a 3D-Secure 
695 |a E-wallet 
695 |a Fizetési szolgáltatók 
700 1 |a Dobák Dr. Dóra Éva  |e ths 
856 4 0 |u http://dolgozattar.uni-bge.hu/15887/1/Szakdolgozat_Ny_Tasi%20M%C3%B3nika_2018.pdf  |z Dokumentum-elérés